000 00639nam a2200229Ia 4500
003 OSt
005 20221007073034.0
006 a|||||r|||| 00| 0
007 ta
008 221006b |||||||| |||| 00| 0 eng d
024 _a29,183
037 _cTextual
040 _aFLL
_cFLL
_beng
041 _2eng
_aeng
082 _aV42:2:9Zy7, L8
100 _aBeer Lawrence Ward
_9108316
245 0 _aConstitutional case law of Japan
260 _aLondon
_bUniversity of Washington Press London
_c1978
300 _axvi,283p
_ccm.
942 _hV42:2:9Zy7, L8
_cTEXL
_2CC
999 _c1147558
_d1147558